Provinces of Australia by Picture - Statistics

General Stats
  • This quiz has been taken 16 times
  • The average score is 6 of 8
Answer Stats
Picture Answer % Correct
New South Wales
85%
Queensland
85%
Victoria
85%
Northern Territory
77%
South Australia
77%
Western Australia
77%
Australian Capital Territory
69%
Tasmania
69%
No matching quizzes found
Score Distribution
Percent of People with Each Score
Percentile by Number Answered
Your Score History
You have not taken this quiz